Češko-srbohrvatska pučka i praktična škola za krilni rog (flügelhorn) za nastavu kao i za samouke /

Hlavní autor: Pilát, František, 1874-1942
Jazyk: Chorvatština
Čeština
Vydáno: Brno : Jaroslav Stožický, [1935?]
Fyzický popis: 56 s.
Hudebniny Hudebniny
Uloženo v:
LEADER 00827ncm a22002292a 4500
001 001136905
003 CZ BrMZK
005 20110128082613.0
007 qu
008 110128s1935 xr |||||||||||||||||hrv d
040 |a BOA001  |b cze 
041 0 |a hrv  |a cze 
072 7 |a 788  |x Hudba pro dechové nástroje  |2 Konspekt  |9 9 
100 1 |a Pilát, František,  |d 1874-1942  |7 jx20090731005  |4 cmp 
245 1 0 |a Češko-srbohrvatska pučka i praktična škola za krilni rog (flügelhorn)  |h [hudebnina] :  |b za nastavu kao i za samouke /  |c sestavio F. Pilát 
260 |a Brno :  |b Jaroslav Stožický,  |c [1935?] 
300 |a 56 s. 
500 |a Text souběžně česky a chorvatsky 
910 |a BOA001  |b Mus1-0187.101 
990 |a MU 
991 |b 201101 
996 6 |b 2619354695  |c Mus1-0187.101  |l MZK  |r Sklad / do 1 hodiny  |n 0  |w 001167089  |u 000010  |a 1  |e BOA001  |j MZK50  |s P